| 000 | 01276cam a2200277zu 4500 | ||
|---|---|---|---|
| 001 | 41001494 | ||
| 003 | FRCYB41001494 | ||
| 005 | 20251020123151.0 | ||
| 006 | m o d | ||
| 007 | cr un | ||
| 008 | 251020s2005 fr | o|||||0|0|||eng d | ||
| 020 | _a9780125637381 | ||
| 035 | _aFRCYB41001494 | ||
| 040 |
_aFR-PaCSA _ben _c _erda |
||
| 100 | 1 | _aPowers, David | |
| 245 | 0 | 1 |
_aBoundary Value Problems and Partial Differential Equations _c['Powers, David'] |
| 264 | 1 |
_bElsevier Science _c2005 |
|
| 300 | _a p. | ||
| 336 |
_btxt _2rdacontent |
||
| 337 |
_bc _2rdamdedia |
||
| 338 |
_bc _2rdacarrier |
||
| 650 | 0 | _a | |
| 700 | 0 | _aPowers, David | |
| 856 | 4 | 0 |
_2Cyberlibris _uhttps://international.scholarvox.com/netsen/book/41001494 _qtext/html _a |
| 520 | _aBoundary Value Problems is the leading text on boundary value problems and Fourier series. The author, David Powers, (Clarkson) has written a thorough, theoretical overview of solving boundary value problems involving partial differential equations by the methods of separation of variables. Professors and students agree that the author is a master at creating linear problems that adroitly illustrate the techniques of separation of variables used to solve science and engineering. | ||
| 999 |
_c1553259 _d1553259 |
||